000 00690nam a22001815i 4500
001 164543
003 ES-MaACL
005 20231229063050.0
008 950206s1885 sp |||| | spa d
040 _aAS
_bspa
_cCCPB | PA2
100 1 _aSánchez, Miguel,
_d1833-1889
_9102411
245 1 0 _aErrores del Sr. Ortí y Lara acerca de la encíclica "cum multa" /
_cpor Miguel Sánchez, presbítero.
260 _aMadrid :
_b[s.n.],
_c1885 (
_fImprenta de E. de la Riva)
300 _a187 p. ;
_c22 cm.
700 1 _aOrtí y Lara, Juan Manuel.
_987534
852 _aES-MaACL
_jT-431-F-5
_z-- Enc. hol.
_z-- Donativo del autor
_z-- Enc. en un vol. facticio
999 _c164543
_d164543